LDR 00900naa#a2200181#i#450# 001 RU\INFRA-M\bibl\10209 005 20260630114948.2 011 ## _a2226-7867 100 ## _a20151211b2015####ek#y0rusy0150####ca 101 0# _aRUS 102 ## _aRU 200 1# _aСоциально-политические проблемы общественного согласия при формировании регионального инновационного кластера _eЖурнальная статья 210 1# _aМосква _cОбщество с ограниченной ответственностью «Научно-издательский центр ИНФРА-М» _d2015 215 ## _a6 с. 608 ## _aЖурнальная статья _2local 700 #1 _aСимонов _gКонстантин Васильевич 700 #1 _aПетросянц _gДаниэл Викторович 856 4# _anaukaru.ru _u